[Event "Belgrade-chT Premier"]
[Site "Belgrade"]
[Date "2017.09.27"]
[Round "9.2"]
[White "Lundin, Jan"]
[Black "Knezevic, Milorad G"]
[Result "1-0"]
[WhiteElo "2283"]
[BlackElo "2205"]
[PlyCount "95"]
[EventDate "2017.09.18"]
[EventType "team"]
[EventRounds "9"]
[EventCountry "SRB"]
[SourceTitle "EXT 2018"]
[Source "ChessBase"]
[SourceDate "2017.10.13"]
[SourceVersion "1"]
[SourceVersionDate "2017.10.13"]
[SourceQuality "1"]
[WhiteTeam "Belgrade Radnicki"]
[BlackTeam "Belgrade Partizan"]
[WhiteTeamCountry "SRB"]
[BlackTeamCountry "SRB"]

1. e4 e6 2. d3 d5 3. Nd2 Nf6 4. Ngf3 g6 5. g3 Bg7 6. Bg2 0-0 7. 0-0 c6 8. Re1 Re8 9. c3 b6 10. Qa4 Bb7 11. Nf1 Nbd7 12. e5 Nc5 13. Qh4 Nfd7 14. Bg5 f6 15. exf6 Bxf6 16. Ne3 Bxg5 17. Nxg5 Nf8 18. Ng4 h5 19. Ne5 Nh7 20. f4 Qf6 21. d4 Na6 22. Nd7 Qe7 23. Nxh7 Qxh4 24. Ndf6+ Qxf6 25. Nxf6+ Kf7 26. Nxe8 Rxe8 27. a4 Nc7 28. a5 b5 29. Bf1 Re7 30. Bd3 Ne8 31. Kf2 a6 32. Ke3 Bc8 33. Kd2 Nd6 34. Re5 Kf6 35. Kc2 Rc7 36. Kb3 c5 37. dxc5 Rxc5 38. Rae1 Rc7 39. Bxg6 Nc4 40. Bxh5 Nxa5+ 41. Ka2 Nc4 42. R5e2 a5 43. Bg4 Rc6 44. h4 b4 45. h5 a4 46. cxb4 d4 47. b5 Rb6 48. Rc2 1-0

[Event "Belgrade City-chT"]
[Site "Belgrade"]
[Date "2013.11.03"]
[Round "4"]
[White "Knezevic, Milorad G"]
[Black "Petrovic, Zeljko"]
[Result "1/2-1/2"]
[WhiteElo "2212"]
[BlackElo "2178"]
[PlyCount "101"]
[EventDate "2013.10.26"]
[EventType "team-tourn"]
[EventRounds "11"]
[EventCountry "SRB"]
[SourceTitle "EXT 2015"]
[Source "ChessBase"]
[SourceDate "2014.11.20"]
[SourceVersion "1"]
[SourceVersionDate "2014.11.20"]
[SourceQuality "1"]

1. e4 c5 2. Nc3 d6 3. g3 Nc6 4. Bg2 Nf6 5. d3 g6 6. f4 Bg7 7. Nf3 a6 8. 0-0 0-0 9. h3 Ne8 10. Be3 Nc7 11. Qd2 Rb8 12. Rae1 Bd7 13. Nh4 f5 14. exf5 gxf5 15. Nf3 Ne6 16. Nd5 b5 17. c3 b4 18. g4 bxc3 19. bxc3 Nc7 20. Ng5 e6 21. Nxc7 Qxc7 22. gxf5 Rxf5 23. Be4 Rf6 24. Bxh7+ Kh8 25. Qe2 Bh6 26. d4 Ne7 27. Bd3 Nf5 28. Bxf5 exf5 29. d5 Be8 30. Rf2 a5 31. c4 Bg7 32. Rg2 Bf7 33. Bd2 Bg8 34. Qe7 Qxe7 35. Rxe7 Rg6 36. Bxa5 Rb1+ 37. Re1 Bd4+ 38. Kh2 Rb7 39. Re8 Kg7 40. Rge2 Kh6 41. Bd8 Ra7 42. Nf3 Ra3 43. Bg5+ Kh5 44. Nh4 Rxg5 45. fxg5 Bxd5 46. Nxf5 Bc6 47. Nxd4 Bxe8 48. Rxe8 cxd4 49. Re4 Kxg5 50. Rxd4 Rxa2+ 51. Kg3 1/2-1/2